Python Programming: (Record no. 1680006)

MARC details
000 -LEADER
fixed length control field 00770nam a22002537a 4500
005 - DATE AND TIME OF LATEST TRANSACTION
control field 20260220054259.0
008 - FIXED-LENGTH DATA ELEMENTS--GENERAL INFORMATION
fixed length control field 260220b |||||||| |||| 00| 0 eng d
020 ## - INTERNATIONAL STANDARD BOOK NUMBER
International Standard Book Number 978-93-671-3544-0
037 ## - SOURCE OF ACQUISITION
Terms of availability TB
040 ## - CATALOGING SOURCE
Original cataloging agency CRL
Transcribing agency CRL
041 ## - LANGUAGE CODE
Source of code eng
Language code of text/sound track or separate title eng
084 ## - COLON CLASSIFICATION NUMBER
Classification number D65,8(B)92PY R6
Assigning agency CRL
100 ## - MAIN ENTRY--PERSONAL NAME
Personal name Taneja, Sheetal
9 (RLIN) 1116343
245 ## - TITLE STATEMENT
Title Python Programming:
Remainder of title a modular approach
260 ## - PUBLICATION, DISTRIBUTION, ETC.
Place of publication, distribution, etc. Noida, India:
Name of publisher, distributor, etc. Pearson India Education Services,
Date of publication, distribution, etc. 2026.
300 ## - PHYSICAL DESCRIPTION
Extent xvii,696p.
365 ## - TRADE PRICE
Price amount 675
Currency code INR
650 ## - SUBJECT ADDED ENTRY--TOPICAL TERM
Topical term or geographic name entry element Computer Application
650 ## - SUBJECT ADDED ENTRY--TOPICAL TERM
Topical term or geographic name entry element Programming Language
650 ## - SUBJECT ADDED ENTRY--TOPICAL TERM
Topical term or geographic name entry element Engineering
700 ## - ADDED ENTRY--PERSONAL NAME
Personal name Naveen Kumar
Relator term Author
942 ## - ADDED ENTRY ELEMENTS (KOHA)
Source of classification or shelving scheme Colon Classification (CC)
Koha item type Textbook
Classification part D65,8(B)92PY R6
Suppress in OPAC No
Holdings
Withdrawn status Lost status Source of classification or shelving scheme Damaged status Not for loan Home library Current library Date acquired Source of acquisition Cost, normal purchase price Total Checkouts Full call number Barcode Date last seen Price effective from Koha item type
    Colon Classification (CC)     Central Library Central Library 2026-02-20 Gift 675.00   D65,8(B)92PY R6 CL1700314 2026-02-20 2026-02-20 Textbook
Copyright @ Delhi University Library System